|
|
|
|
| LEADER |
00000nab a2200000ua 4500 |
| 001 |
vtls010789238 |
| 003 |
SK-MaSNL |
| 005 |
20260303152004.0 |
| 008 |
230222s2013 xo |||||||||||||||||slo| |
| 035 |
|
|
|a (urnnbn)urn:nbn:sk:snk:ar-a06261
|
| 035 |
|
|
|a (uuid)a6bc25f0-0fb7-4623-bb55-b4f3c36e7f9d
|
| 035 |
|
|
|a urn:nbn:sk:snk-ab4w4i
|
| 040 |
|
|
|a SNKBUCL
|b slo
|c SNKBUCL
|e AACR2
|
| 041 |
0 |
|
|a slo
|
| 044 |
|
|
|a xo
|c SK
|
| 100 |
1 |
|
|a Danninger, Filip,
|d 1955-
|4 aut
|9 12635
|
| 245 |
1 |
0 |
|a Operácia podľa Vandenbosa. Nový prístup k chirurgickej liečbe recidivujúceho unguis incarnatus
|c Filip Danninger, Miron Petrašovič
|
| 700 |
1 |
|
|a Petrašovič, Miron
|4 aut
|9 271249
|
| 773 |
0 |
|
|t Slovenská chirurgia : časopis Slovenskej chirurgickej spoločnosti
|g Roč. 10, č. 2 (2013), s. 67-69
|
| 954 |
|
|
|a odborná, vedecká literatúra pôvodná (slovenská)
|2 lita
|
| 958 |
|
|
|a OND
|
| 958 |
|
|
|a EUIPO
|
| 958 |
|
|
|a article3
|
| 999 |
|
|
|c 2021024
|d 2022954
|